| 000 | 00598nam a2200217Ia 4500 | ||
|---|---|---|---|
| 005 | 20250508164449.0 | ||
| 008 | 008 250505s9999 xx 000 0 eng d | ||
| 037 | _aTextual | ||
| 040 |
_aFEDL _beng _cFEDL |
||
| 041 |
_aeng _2eng |
||
| 084 |
_a302.14, MUR _qFEDL |
||
| 100 |
_aMuralidharan M _9562136 |
||
| 245 | 0 | _aUnderstanding communalism | |
| 260 |
_aBangalore, India _bVisthar _c1993 |
||
| 300 | _a100p. | ||
| 365 |
_aINR _b30 |
||
| 650 | _aCommunalism | ||
| 700 |
_a Tharakan P K Michael Kappen S _9778206 |
||
| 942 |
_cTEXL _h302.14, MUR |
||
| 999 |
_c1389262 _d1389262 |
||